00490nam a22001217a 4500100001400000245012600014260003400140500000700174700004100181942001200222999001900234952011500253 aNandana H aMapping of crustal magnetic field anomalies on the northern hemisphere of the moon using lunar prospector spacecraft data aAlappuzha:bSD College,c2024 a  aDr.Sibi K S & Dr.Rakesh Chandran S B 2ddccPD c748685d748685 00102ddc40708NFICaPHYbPHYc100d2025-05-12l0oMSc24 594pPHYMSc594r2025-05-12 11:59:10w2025-05-12yPD